000
00237nam a2200097Ia 4500
001
694751
005
20250826161939.0
008
250824s9999 xx 000 0 und d
245
0
_a
SEMERKANT
_c
AMIN MAALOUF
260
_b
YAPI KREDİ YAYINLARI
999
_c
694751
_d
694751